| 000 | 00636nam a2200181Ia 4500 | ||
|---|---|---|---|
| 008 | 100921s9999 xx 000 0 und d | ||
| 082 |
_b39473 _a891.463 न 04 |
||
| 100 | _aतेंडुलकर नलिनी. | ||
| 245 | _aगंधबावरी. | ||
| 260 |
_bपार्टनर प्रकाशन, मुंबई. _c2004 |
||
| 300 |
_a152 _bकलाभारती वितरण,पुणे |
||
| 365 | _b130 | ||
| 520 | _aललित-कादंबरी. | ||
| 630 | _aगंधबावरी. | ||
| 650 | _aललित-कादंबरी. | ||
| 730 | _aगंधबावरी. | ||
| 942 | _cBOOK | ||
| 999 |
_c788586 _d788583 |
||